[Event "Athens VAR"]
[Site "Athens"]
[Date "1994.??.??"]
[Round "?"]
[White "Pandavos, Panayotis"]
[Black "Vlahos, Georgios"]
[Result "1-0"]
[WhiteElo "2380"]
[BlackElo "2180"]
[PlyCount "107"]
[EventDate "1994.??.??"]
[EventType "swiss"]
[EventRounds "7"]
[EventCountry "GRE"]
[SourceTitle "EXT 2003"]
[Source "ChessBase"]
[SourceDate "2002.11.25"]
[SourceVersion "1"]
[SourceVersionDate "2002.11.25"]
[SourceQuality "1"]

1. e4 Nf6 2. e5 Nd5 3. b3 d6 4. c4 Nb6 5. exd6 Qxd6 6. d4 Nc6 7. Bb2 Bf5 8. Nf3 Nb4 9. Na3 Qe6+ 10. Ne5 0-0-0 11. Qd2 Nc6 12. f4 Nxe5 13. fxe5 c6 14. Be2 g6 15. 0-0 Bg7 16. Qa5 Kb8 17. d5 Nxd5 18. cxd5 Rxd5 19. Qb4 Bxe5 20. Bxe5+ Qxe5 21. Rae1 Qd4+ 22. Qxd4 Rxd4 23. Nc4 f6 24. Ne3 Bd3 25. Bxd3 Rxd3 26. Nc4 Rd7 27. Re6 Kc7 28. Rfe1 Re8 29. Rxf6 exf6 30. Rxe8 b5 31. Na5 Rd1+ 32. Kf2 c5 33. a3 Ra1 34. Re7+ Kb6 35. b4 Rxa3 36. Re6+ Kc7 37. Rc6+ Kd7 38. Rxc5 Ra2+ 39. Kf3 a6 40. Nc6 Kc7 41. Na5+ Kd7 42. Rc3 Ra4 43. Rb3 Kd6 44. h4 Ke5 45. Rd3 h5 46. Nc6+ Ke6 47. Kf4 a5 48. Nd4+ Kd5 49. bxa5 Kc4 50. Ke3 Rxa5 51. Nb3 Ra6 52. Nd2+ Kc5 53. Ne4+ Kc4 54. Rd4+ 1-0

[Event "Chania op 4th"]
[Site "Chania"]
[Date "1994.??.??"]
[Round "3"]
[White "Pandavos, Panayotis"]
[Black "Vlahos, Georgios"]
[Result "1-0"]
[WhiteElo "2400"]
[BlackElo "2165"]
[PlyCount "83"]
[EventDate "1994.08.??"]
[EventType "swiss"]
[EventRounds "9"]
[EventCountry "GRE"]
[SourceTitle "EXT 1998"]
[Source "ChessBase"]
[SourceDate "1997.11.17"]
[SourceVersion "1"]
[SourceVersionDate "1997.11.17"]
[SourceQuality "1"]

1. e4 Nf6 2. e5 Nd5 3. Nc3 c6 4. Nf3 d6 5. Nxd5 cxd5 6. Bb5+ Nc6 7. c4 a6 8. Bxc6+ bxc6 9. Qa4 Bd7 10. exd6 c5 11. Qa3 e6 12. cxd5 Bxd6 13. dxe6 Bxe6 14. Qa4+ Qd7 15. Qxd7+ Kxd7 16. d4 Bd5 17. dxc5 Bxf3 18. gxf3 Bxc5 19. Be3 Rac8 20. 0-0-0+ Ke6 21. Kb1 Bxe3 22. fxe3 Rc5 23. Rd2 Rf5 24. f4 Rd5 25. Rc2 Rhd8 26. Rhc1 Kf5 27. Rc7 R8d7 28. R1c4 Kg4 29. a4 Kf3 30. R7c6 a5 31. Rc3 Rd1+ 32. Ka2 Re1 33. Rc7 Rxc7 34. Rxc7 Rxe3 35. Rxf7 Re4 36. Ka3 h5 37. Rxg7 Rxf4 38. Rg5 h4 39. Rxa5 Kg4 40. Ra8 Rf2 41. a5 Rxh2 42. a6 1-0